000 00758nam a22002057a 4500
999 _c57703
_d57703
005 20221105203701.0
008 200910s2019 enk||||| |||| 00| 0 eng d
020 _a9781975106706 1
041 _aeng
080 _a615 L-79
245 _aLippincott Illustrated Reviews:
_bPharmacology /
_cEditors : Karen Whalen, Carinda Feild, Rajan Radhakrishnan.
264 _aPhiladelpha:
_bWolters Kluwer,
_c2019.
300 _a593 p.
_bill.
_c28 cm.
653 _aმედიცინა
653 _aფარმაკოლოგია
700 _a Whalen, Karen
_eრედაქტორი
_99500
700 _aFeild, Carinda
_eრედაქტორი
_99501
700 _aRadhakrishnan, Rajan
_eრედაქტორი
_99502
942 _2udc
_cBK